Tập bản đồ lịch sử trung học cơ sở

Khái quát về nội dung lịch sử thế giới và Việt Nam từ nguồn gốc đến ngày nay, như quá trình hình thành và phát triển của xã hội loài người, các cuộc cách mạng tư sản, các cuộc đấu tranh chống phong kiến, ......

وصف كامل

محفوظ في:
التفاصيل البيبلوغرافية
التنسيق: كتاب
اللغة:Undetermined
منشور في: Hà Nội Giáo dục Việt Nam 2010
الموضوعات:
الوسوم: إضافة وسم
لا توجد وسوم, كن أول من يضع وسما على هذه التسجيلة!
Thư viện lưu trữ: Trung tâm Học liệu Trường Đại học Cần Thơ
LEADER 00896nam a2200193Ia 4500
001 CTU_188230
008 210402s9999 xx 000 0 und d
020 |c 600000 
082 |a 911 
082 |b T123 
245 0 |a Tập bản đồ lịch sử trung học cơ sở 
245 0 |c Phan Ngọc Liên,... [et al.] 
260 |a Hà Nội 
260 |b Giáo dục Việt Nam 
260 |c 2010 
520 |a Khái quát về nội dung lịch sử thế giới và Việt Nam từ nguồn gốc đến ngày nay, như quá trình hình thành và phát triển của xã hội loài người, các cuộc cách mạng tư sản, các cuộc đấu tranh chống phong kiến, ... 
650 |a Atlases,Historical geography,Tập bản đồ 
910 |a Hải 
980 |a Trung tâm Học liệu Trường Đại học Cần Thơ